Statistics for Top 100 Best-Selling Albums of all Time

Click here to take the quiz!

General Stats

  • This quiz has been taken 70 times
  • The average score is 29 of 100

Answer Stats

HintAnswer% Correct
Michael Jackson33mThriller
98%
The Eagles26mHotel California
82%
Led Zeppelin10mLed Zeppelin
80%
The Beatles12mAbbey Road
78%
AC/DC25mBack in Black
76%
The Beatles24mThe Beatles
76%
Pink Floyd15mDark Side of the Moon
73%
Fleetwood Mac20mRumours
73%
Pink Floyd23mThe Wall
71%
Elton John17mGreatest Hits
67%
Tom Petty and the Heartbreakers12mGreatest Hits
67%
2 Pac10mGreatest Hits
67%
Bob Seger & the Silver Bullet Band10mGreatest Hits
67%
Journey15mGreatest Hits
67%
Guns N' Roses18mAppetite for Destruction
64%
The Beatles11m1
62%
Adele14m21
62%
Bruce Springsteen15mBorn in the U.S.A.
62%
The Beatles11mSgt. Pepper's Lonely Hearts Club Band
60%
Meat Loaf14mBat Out of Hell
58%
Bon Jovi12mSlippery When Wet
56%
Prince & the Revolution13mPurple Rain (Soundtrack)
55%
The Bee Gees16mSaturday Night Fever (Soundtrack)
55%
Boston17mBoston
53%
Alanis Morissette16mJagged Little Pill
53%
Metallica16mMetallica
49%
Carole King13mTapestry
47%
Whitney Houston18mThe Bodyguard (Soundtrack)
47%
Led Zeppelin23mLed Zeppelin IV
45%
Adele11m25
42%
Green Day10mDookie
42%
Led Zeppelin12mLed Zeppelin II
40%
Pearl Jam13mTen
38%
Led Zeppelin11mHouses of the Holy
35%
Led Zeppelin16mPhysical Graffiti
35%
George Michael10mFaith
33%
Lauryn Hill10mThe Miseducation of Lauryn Hill
33%
Bob Marley and the Wailers15mLegend
31%
Eminem10mThe Eminem Show
31%
Whitney Houston13mWhitney Houston
29%
Britney Spears10mOops!...I Did It Again
25%
Def Leppard10mPyromania
25%
Garth Brooks10mGarth Brooks
24%
Def Leppard12mHysteria
24%
Phil Collins12mNo Jacket Required
24%
Billy Joel10mThe Stranger
24%
Soundtrack11mTitanic
24%
Eminem10mThe Marshall Mathers LP
22%
The Backstreet Boys14mBackstreet Boys
18%
Hootie & the Blowfish21mCracked Rear View
18%
Boyz II Men12mII
18%
Santana15mSupernatural
18%
Garth Brooks10mThe Hits
18%
Shania Twain20mCome On Over
16%
TLC12mCrazySexyCool
16%
The Chicks11mFly
16%
Linkin Park12mHybrid Theory
16%
Outkast11mSpeakerboxxx/ The Love Below
16%
Soundtrack11mDirty Dancing
15%
2 Pac10mAll Eyez On Me
13%
Britney Spears14mBaby One More Time
13%
The Beastie Boys10mLicensed to Ill
13%
Notorious B.I.G.11mLife After Death
13%
N’SYNC11mNo Strings Attached
13%
The Beatles17mThe Beatles 1967-1970
13%
Eric Clapton10mUnplugged
13%
Shania Twain11mUp!
13%
Garth Brooks21mDouble Live
11%
The Rolling Stones12mHot Rocks
9%
The Backstreet Boys13mMillennium
9%
Garth Brooks18mNo Fences
9%
Hammer10mPlease Hammer Don't Hurt 'Em
9%
The Beatles15mThe Beatles 1962-1966
9%
Aerosmith11mAerosmith's Greatest Hits
7%
Kid Rock11mDevil Without A Cause
7%
Soundtrack12mForrest Gump
7%
Creed11mHuman Clay
7%
Jewel12mPieces of You
7%
Garth Brooks10mSevens
7%
Shania Twain12mThe Woman in Me
7%
The Doobie Brothers10mBest of the Doobies
5%
Kenny G12mBreathless
5%
Celine Dion12mFalling Into You
5%
Steve Miller Band14mGreatest Hits 1974-1978
5%
Garth Brooks10mIn Pieces
5%
James Taylor11mJames Taylor's Greatest Hits
5%
Simon and Garfunkel14mSimon & Garfunkel's Greatest Hits
5%
The Eagles38mTheir Greatest Hits 1971-1975
5%
The Chicks13mWide Open Spaces
5%
Bruce Springsteen13mBruce Springsteen & E Street Band Live 1975-85'
4%
Creedence Clearwater Revival10mChronicle: 20 Greatest Hits
4%
The Eagles11mEagles Greatest Hits Volume II
4%
Elvis Presley10mElvis' Christmas Album
4%
Billy Joel23mGreatest Hits Volume 1 & Volume 2
4%
Kenny Rogers12mKenny Rogers' Greatest Hits
4%
Celine Dion10mLet's Talk About Love
4%
Garth Brooks10mThe Chase
4%
Garth Brooks10mThe Ultimate Hits
4%
Matchbox Twenty12mYourself or Someone Like You
4%
Garth Brooks14mRopin' in the Wind
2%

Score Distribution

Percentile by Number Answered

Percent of People with Each Score

Your Score History

You have not taken this quiz